000 00895nam a2200301Ia 4500
003 OSt
005 20220912151500.0
006 a|||||r|||| 00| 0
007 ta
008 220909b |||||||| |||| 00| 0 eng d
020 _a0070655014 (hbd)
024 _a14789
037 _cTextual
040 _aCSL
_beng
_cCSL
041 _aeng
082 _aH22, M1;1
100 _aTurner Francis J
245 0 _aMetamorphic petrology: Mineralogical,fields,and tectonic aspects
250 _a2nd
260 _aNew York
_b McGraw-Hill Book Company
_c1981
300 _a524p.
_ccm.
490 _aMCgraw-Hill international series in the earth and planetary sciences
500 _aBibliography 471-499p.
_ccm.; Index 501-524p.
_ccm.
650 _a Metamorphic petrology
650 _aGeology
942 _hH22, M1;1
_cTEXL
_2CC
999 _c69589
_d69589